000 00511nam a22001937a 4500
003 OSt
005 20140310182841.0
008 130608t xxu||||| |||| 00| 0 eng d
050 _aGV 1203
_b.J66 1981
082 _aM 793
_bJ63 1981
245 _a555 ways to amuse a child
_cJohnson, June
260 _aSurrey, U.K. :
_bElliot Right Way Books,
_cc1981.
300 _a173 p.
_bill. ;
_c18 cm.
521 _aCollege Students
526 _c1210L-1700L
541 _j1
562 _e1
942 _2lcc
_cBK
_kM
999 _c16859
_d16859